The sonnets and narrative poems

Zapisane w:
Opis bibliograficzny
1. autor: William Shakespeare
Format: Książka
Język:Undetermined
Wydane: London Everyman's Library 1992
Hasła przedmiotowe:
Etykiety: Dodaj etykietę
Nie ma etykietki, Dołącz pierwszą etykiete!
Thư viện lưu trữ: Trung tâm Học liệu Trường Đại học Cần Thơ
LEADER 00474nam a2200169Ia 4500
001 CTU_33892
008 210402s9999 xx 000 0 und d
082 |a 821.33 
082 |b S527s 
100 |a William Shakespeare 
245 4 |a The sonnets and narrative poems 
245 0 |c William Shakespeare 
260 |a London 
260 |b Everyman's Library 
260 |c 1992 
650 |a english poetry - 16th century 
980 |a Trung tâm Học liệu Trường Đại học Cần Thơ